<?xml version='1.0' encoding='UTF-8'?>
  <record xmlns="http://www.loc.gov/MARC21/slim">
    <leader>00000ctm a22000007i 4500</leader>
    <controlfield tag="001">ocn965428893</controlfield>
    <controlfield tag="003">OCoLC</controlfield>
    <controlfield tag="005">20250721035857.4</controlfield>
    <controlfield tag="008">110822q14301440ne            000 0 lat d</controlfield>
    <datafield tag="040" ind1=" " ind2=" ">
      <subfield code="a">QGJ</subfield>
      <subfield code="b">dut</subfield>
      <subfield code="c">QGJ</subfield>
      <subfield code="d">OCLCL</subfield>
      <subfield code="d">OCLCQ</subfield>
    </datafield>
    <datafield tag="035" ind1=" " ind2=" ">
      <subfield code="a">(OCoLC)965428893</subfield>
    </datafield>
    <datafield tag="245" ind1="0" ind2="0">
      <subfield code="a">Breviarium (fragment).</subfield>
      <subfield code="f">UBU Hs. 12 C 17.</subfield>
    </datafield>
    <datafield tag="246" ind1="3" ind2=" ">
      <subfield code="a">Egmond Breviary (fragment)</subfield>
    </datafield>
    <datafield tag="246" ind1="3" ind2=" ">
      <subfield code="a">Egmond-Brevier (fragment)</subfield>
    </datafield>
    <datafield tag="260" ind1=" " ind2=" ">
      <subfield code="a">Utrecht,</subfield>
      <subfield code="c">[ca. 1430-ca. 1440]</subfield>
    </datafield>
    <datafield tag="300" ind1=" " ind2=" ">
      <subfield code="a">1 fol. :</subfield>
      <subfield code="b">miniature, historiated initial, border decoration</subfield>
      <subfield code="c">243 x 165 (174 x 115) mm.</subfield>
    </datafield>
    <datafield tag="336" ind1=" " ind2=" ">
      <subfield code="a">text</subfield>
      <subfield code="b">txt</subfield>
      <subfield code="2">rdacontent</subfield>
    </datafield>
    <datafield tag="337" ind1=" " ind2=" ">
      <subfield code="a">unmediated</subfield>
      <subfield code="b">n</subfield>
      <subfield code="2">rdamedia</subfield>
    </datafield>
    <datafield tag="338" ind1=" " ind2=" ">
      <subfield code="a">sheet</subfield>
      <subfield code="b">nb</subfield>
      <subfield code="2">rdacarrier</subfield>
    </datafield>
    <datafield tag="340" ind1=" " ind2=" ">
      <subfield code="a">parchment</subfield>
      <subfield code="k">2 columns, 36 lines, littera textualis.</subfield>
    </datafield>
    <datafield tag="500" ind1=" " ind2=" ">
      <subfield code="a">Incipit: In vigilia Pasche.</subfield>
    </datafield>
    <datafield tag="500" ind1=" " ind2=" ">
      <subfield code="a">Single leaf from the Egmond Breviary (New York, Pierpont Morgan Library : ms. 87).</subfield>
    </datafield>
    <datafield tag="500" ind1=" " ind2=" ">
      <subfield code="a">The Egmond Breviary was commissioned by a duke of Guelders-Jülich (based on the coats of arms), probably Arnold van Egmond, and was produced in Utrecht.</subfield>
    </datafield>
    <datafield tag="524" ind1=" " ind2=" ">
      <subfield code="a">Cite as: Universiteitsbibliotheek Utrecht Hs. 12 C 17.</subfield>
    </datafield>
    <datafield tag="581" ind1=" " ind2=" ">
      <subfield code="a">U. Finke, 'Utrecht. Zentrum nordniederländischer Buchmalerei,' in: Oud-Holland 78 (1963), p. 27-66. P. 60-61.</subfield>
    </datafield>
    <datafield tag="581" ind1=" " ind2=" ">
      <subfield code="a">F. Gorissen, Das Stundenbuch der Katharina von Kleve. Analyse und Kommentar. Berlin 1973. P. 320, 391.</subfield>
    </datafield>
    <datafield tag="581" ind1=" " ind2=" ">
      <subfield code="a">F. Wormald &amp; Ph.M. Giles, A descriptive catalogue of the additional illuminated manuscripts in the Fitzwilliam Museum, acquired between 1895 and 1979, excluding the MacClean collection. Cambridge 1982. p. 528.</subfield>
    </datafield>
    <datafield tag="581" ind1=" " ind2=" ">
      <subfield code="a">Handschriften en oude drukken van de Utrechtse Universiteitsbibliotheek. Catalogus bij de tentoonstelling in het Centraal Museum te Utrecht ter gelegenheid van het 400-jarig bestaan van de bibliotheek der Rijksuniversiteit, 1584-1984. Utrecht 1984. P. 255-257 nr. 121, afb. op p. 256.</subfield>
    </datafield>
    <datafield tag="581" ind1=" " ind2=" ">
      <subfield code="a">K. van der Horst, Illuminated and decorated medieval manuscripts in the University Library, Utrecht. An illustrated catalogue. Maarssen / 's-Gravenhage 1989. P. 11 nr. 38, pl. G, afb. 162-163.</subfield>
    </datafield>
    <datafield tag="581" ind1=" " ind2=" ">
      <subfield code="a">The Golden Age of Dutch manuscript painting. Stuttgart, 1989. P. 112-115, no. 36.</subfield>
    </datafield>
    <datafield tag="581" ind1=" " ind2=" ">
      <subfield code="a">Das Goldene Zeitalter des Hertogtums Geldern. Geschichte, Kunst und Kultur im 15. und 16. Jahrhundert. Tent. cat. Niederrheinische Museum für Volkskunde und Kulturgeschichte, Kevelaer etc. Geldern 2001 (ook verschenen als : De Gouden Eeuw van Gelre. Kunst en cultuur in het oude hertogdom , Geldern 2001). P. 186, afb. op p. 187.</subfield>
    </datafield>
    <datafield tag="581" ind1=" " ind2=" ">
      <subfield code="a">N. Morgan, S. Panayotova, M. Meuwese et al, A catalogue of western book illumination in the Fitzwilliam Museum and the Cambridge Colleges. The Frankish kingdoms, Northern Netherlands, Germany, Bohemia, Hungary, Austria. London/Turnhout 2009 (= Illuminated manuscripts in Cambridge 1). P.50.</subfield>
    </datafield>
    <datafield tag="581" ind1=" " ind2=" ">
      <subfield code="a">P. Vandenabeele, A. Deneckere, C.A. Chavannes-Mazel et al. Technical research report. Raman spectroscopy. Nijmegen 2010. P. [117], [119], afb. op [121] (fol. 1r.).</subfield>
    </datafield>
    <datafield tag="581" ind1=" " ind2=" ">
      <subfield code="a">H. Wijsman, Luxury bound. Illustrated manuscript production and noble and princely book ownership in the Burgundian Netherlands (1400-1500). Turnhout, 2010 (= Burgundica 16). P. 345 nt. 487, p. 509 nt. 18.</subfield>
    </datafield>
    <datafield tag="581" ind1=" " ind2=" ">
      <subfield code="a">M. Bloem, 'New light on three miniatures from the Egmond breviary*' in: Oud Holland 125 (2012) 2/3, p. 69-89. P. 82-85 p. 85 nt. 10.</subfield>
    </datafield>
    <datafield tag="541" ind1=" " ind2=" ">
      <subfield code="a">Sotheby's;</subfield>
      <subfield code="b">London;</subfield>
      <subfield code="c">Purchase;</subfield>
      <subfield code="d">19600201;</subfield>
      <subfield code="e">cat. no. 246.</subfield>
      <subfield code="5">NL-UtRU</subfield>
    </datafield>
    <datafield tag="655" ind1=" " ind2="7">
      <subfield code="a">Handschriften (vorm)</subfield>
      <subfield code="0">(NL-LeOCL)088143309.</subfield>
      <subfield code="2">gtt</subfield>
    </datafield>
    <datafield tag="700" ind1="0" ind2=" ">
      <subfield code="a">Master of Zweder van Culemborg.</subfield>
      <subfield code="e">illuminator.</subfield>
      <subfield code="4">ilu</subfield>
    </datafield>
    <datafield tag="700" ind1="0" ind2=" ">
      <subfield code="a">Arnold van Egmont,</subfield>
      <subfield code="e">patron.</subfield>
      <subfield code="4">pat</subfield>
    </datafield>
    <datafield tag="700" ind1="0" ind2=" ">
      <subfield code="a">Arnold van Egmont,</subfield>
      <subfield code="e">former owner.</subfield>
      <subfield code="4">fmo</subfield>
      <subfield code="5">NL-UtRU</subfield>
    </datafield>
    <datafield tag="700" ind1="1" ind2=" ">
      <subfield code="a">Maycock, R. C.,</subfield>
      <subfield code="e">former owner.</subfield>
      <subfield code="4">fmo</subfield>
      <subfield code="5">NL-UtRU</subfield>
    </datafield>
    <datafield tag="758" ind1=" " ind2=" ">
      <subfield code="a">UBU Hs. 12 C 17 Breviarium (fragment) (Text)</subfield>
      <subfield code="1">https://id.oclc.org/worldcat/entity/E39PD3K9qKjv8vQjK946tc9BCP</subfield>
      <subfield code="4">https://id.oclc.org/worldcat/ontology/hasWork</subfield>
    </datafield>
    <datafield tag="856" ind1="4" ind2="1">
      <subfield code="u">http://objects.library.uu.nl/reader/resolver.php?obj=002384864&amp;type=2</subfield>
      <subfield code="x">Online</subfield>
      <subfield code="z">Full text</subfield>
    </datafield>
    <datafield tag="936" ind1=" " ind2=" ">
      <subfield code="a">BATCHLOAD</subfield>
    </datafield>
  </record>